000 00644nam a2200229Ia 4500
003 OSt
005 20221005131005.0
006 a|||||r|||| 00| 0
007 ta
008 221004b |||||||| |||| 00| 0 eng d
024 _a34400
037 _cTextual
040 _aCRL
_cCRL
_beng
041 _2eng
_aeng
082 _a/\1xM72x, J1
100 _aSen Indra Compiler
_9590173
245 0 _aScience and culture
_b A selection of passages from the writings of Sri Aurobindo and the mother
260 _c1951
650 _aSPIRITUALISM
942 _h/\1xM72x, J1
_cTEXL
_2cc
999 _c1059034
_d1059034